LDR 00853naa#a2200193#i#450# 001 RU\\bibl\117169 005 20260517233931.7 011 ## _a2782-5957 100 ## _a20260330b2026####ek#y0rusy0150####ca 102 ## _aRU 200 1# _aВНЕДРЕНИЕ ПОДШИПНИКА КАЧЕНИЯ В ШКВОРНЕВОЙ УЗЕЛ ГРУЗОВОГО ВАГОНА _eЖурнальная статья 210 1# _aБрянск _cБрянский государственный технический университет _d2026 215 ## _a5 с. 608 ## _aЖурнальная статья _2local 675 ## _aГрузовые вагоны. 629.463 _z 686 ## _aЖелезнодорожный транспорт. 392 _2bbk 700 #1 _aЕвсеев _gДмитрий Геннадьевич 700 #1 _aМихеев _gИван Александрович 856 4# _anaukaru.ru _u